Normal view
MARC view
- Muzamil , Muhammad
Entry Personal Name
001 - CONTROL NUMBER
- control field: 122442
003 - CONTROL NUMBER IDENTIFIER
- control field: NUST
005 - DATE AND TIME OF LATEST TRANSACTION
- control field: 20240423161807.0
008 - FIXED-LENGTH DATA ELEMENTS
- fixed length control field: 240423|| aca||aabn | a|a d
040 ## - CATALOGING SOURCE
- Original cataloging agency: NUST
- Transcribing agency: NUST
100 ## - HEADING--PERSONAL NAME
- Personal name: Muzamil , Muhammad
670 ## - SOURCE DATA FOUND
- Source citation: Work cat.: (NUST): Muzamil , Muhammad, Study of High Speed Impact on Composite Armor Structure /
